[Event "26. Copenhagen Open  (Politiken Cup)"]
[Site "Taastrup"]
[Date "2004.07.25"]
[Round "3"]
[White "Pedersen, Gunnar"]
[Black "Hyldkrog, Lars"]
[Result "1-0"]
[WhiteElo "2251"]
[BlackElo "2080"]
[PlyCount "71"]
[EventDate "2004.07.24"]
[EventType "swiss"]
[EventRounds "10"]
[EventCountry "DEN"]
[SourceDate "2004.01.01"]

1. d4 Nf6 2. Nf3 d5 3. c4 e6 4. Nc3 Bb4 5. Bg5 Nbd7 6. e3 c5 7. a3 Bxc3+ 8.
bxc3 Qa5 9. Rc1 cxd4 10. exd4 Qxa3 11. Bd3 Qa5 12. O-O O-O 13. Re1 a6 14. c5
Qc7 15. Bb1 b6 16. cxb6 Qxb6 17. Ne5 Nxe5 18. dxe5 Ne4 19. Be3 Qc7 20. f3 Nc5
21. c4 Nd7 22. cxd5 Qd8 23. dxe6 fxe6 24. Qd6 Re8 25. Be4 Rb8 26. Red1 Rb3 27.
Bf2 a5 28. Bc6 Re7 29. Bxd7 Qxd7 30. Rxc8+ Qxc8 31. Qxe7 Rb8 32. Ba7 Ra8 33.
Bb6 Qc4 34. Rd8+ Rxd8 35. Qxd8+ Kf7 36. Qc7+ 1-0

[Event "26. Copenhagen Open  (Politiken Cup)"]
[Site "Taastrup"]
[Date "2004.07.25"]
[Round "3"]
[White "Pedersen, Kaj Vinding"]
[Black "Eddy, Samuel"]
[Result "0-1"]
[WhiteElo "1496"]
[BlackElo "2048"]
[PlyCount "54"]
[EventDate "2004.07.24"]
[EventType "swiss"]
[EventRounds "10"]
[EventCountry "DEN"]
[SourceDate "2004.01.01"]

1. d4 Nf6 2. Nf3 g6 3. g3 Bg7 4. Bg2 O-O 5. O-O d6 6. Nbd2 Nbd7 7. Rb1 e5 8.
dxe5 dxe5 9. Ng5 Qe8 10. b3 h6 11. Nge4 Nxe4 12. Bxe4 f5 13. Bd5+ Kh7 14. Bg2
Nf6 15. e4 f4 16. Bb2 g5 17. Nc4 Ng4 18. h3 b5 19. hxg4 bxc4 20. gxf4 gxf4 21.
Qf3 Qg6 22. Bh3 h5 23. g5 Qxg5+ 24. Kh2 Qh4 25. Rg1 Bg4 26. Qg2 Rad8 27. f3 Rd2
0-1

[Event "26. Copenhagen Open  (Politiken Cup)"]
[Site "Taastrup"]
[Date "2004.07.25"]
[Round "3"]
[White "Pedersen, Steen Guldager"]
[Black "Thorgeirsson, Sverrir"]
[Result "0-1"]
[WhiteElo "1954"]
[BlackElo "1360"]
[PlyCount "124"]
[EventDate "2004.07.24"]
[EventType "swiss"]
[EventRounds "10"]
[EventCountry "DEN"]
[SourceDate "2004.01.01"]

1. e4 e6 2. d4 d5 3. exd5 exd5 4. c4 Nf6 5. Nc3 dxc4 6. Bxc4 Nc6 7. Nge2 Bf5 8.
O-O Bd6 9. Ng3 Bxg3 10. fxg3 Bg6 11. d5 Ne7 12. Bb5+ c6 13. dxc6 Qb6+ 14. Kh1
bxc6 15. Bc4 O-O 16. Bg5 Qxb2 17. Bxf6 gxf6 18. Qf3 Nf5 19. Ne4 Qd4 20. Qg4 Ne3
21. Nxf6+ Qxf6 22. Rxf6 Nxg4 23. Rxc6 Ne5 24. Rc5 Nxc4 25. Rxc4 Rfc8 26. Rac1
Rxc4 27. Rxc4 Rb8 28. h4 Rb5 29. g4 h5 30. Kh2 Ra5 31. a4 Kg7 32. Kh3 hxg4+ 33.
Kxg4 Bh5+ 34. Kh3 Bd1 35. Rd4 Bxa4 36. Rg4+ Kh6 37. Rf4 Bd7+ 38. Kg3 Ra3+ 39.
Kf2 Be6 40. g4 Rh3 41. Ra4 Rxh4 42. g5+ Kxg5 43. Rxa7 f5 44. Kg3 Rg4+ 45. Kf3
Bd5+ 46. Kf2 Kf4 47. Ra4+ Be4 48. Ra3 Rg2+ 49. Ke1 Rg3 50. Ra4 Rd3 51. Ke2 Rb3
52. Kf2 Rb2+ 53. Kf1 Ke3 54. Ra3+ Bd3+ 55. Kg1 f4 56. Ra8 f3 57. Re8+ Be4 58.
Rf8 Rb1+ 59. Kh2 f2 60. Rf7 Rh1+ 61. Kg3 f1=Q 62. Rf3+ Qxf3# 0-1

[Event "26. Copenhagen Open  (Politiken Cup)"]
[Site "Taastrup"]
[Date "2004.07.25"]
[Round "3"]
[White "Peschardt, Soren"]
[Black "Brasoy, Aksel"]
[Result "0-1"]
[WhiteElo "2200"]
[BlackElo "2004"]
[PlyCount "62"]
[EventDate "2004.07.24"]
[EventType "swiss"]
[EventRounds "10"]
[EventCountry "DEN"]
[SourceDate "2004.01.01"]

1. d4 Nf6 2. c4 e6 3. Nf3 c5 4. d5 b5 5. cxb5 Qa5+ 6. Bd2 Qxb5 7. e4 Qb7 8. Nc3
Be7 9. d6 Bd8 10. e5 Ne4 11. Bd3 Nxd2 12. Qxd2 Nc6 13. O-O Qb4 14. a3 Qg4 15.
Ne4 Nd4 16. Nxd4 cxd4 17. h3 Qh4 18. Kh2 Bb7 19. g3 Qh5 20. f4 Bb6 21. g4 Qh4
22. Ng3 O-O 23. f5 f6 24. fxe6 dxe6 25. Bc4 fxe5 26. Bxe6+ Kh8 27. Nf5 Qd8 28.
d7 Bc7 29. Kg1 Bc6 30. Nxg7 Qh4 31. Ne8 Qg3+ 0-1

[Event "26. Copenhagen Open  (Politiken Cup)"]
[Site "Taastrup"]
[Date "2004.07.25"]
[Round "3"]
[White "Petersen, Peter Birk"]
[Black "Schlecht, Daniel"]
[Result "0-1"]
[WhiteElo "2214"]
[BlackElo "2363"]
[PlyCount "102"]
[EventDate "2004.07.24"]
[EventType "swiss"]
[EventRounds "10"]
[EventCountry "DEN"]
[SourceDate "2004.01.01"]

1. e4 e6 2. d3 d5 3. Nd2 Nf6 4. Ngf3 Bc5 5. e5 Nfd7 6. d4 Be7 7. Bd3 c5 8. c3
Nc6 9. O-O a5 10. Re1 cxd4 11. cxd4 Qb6 12. Qa4 g5 13. Nb3 g4 14. Ng5 Qb4 15.
Qxb4 Nxb4 16. Bb1 Nf8 17. h3 h6 18. Nxf7 Kxf7 19. hxg4 a4 20. Nd2 Bd7 21. a3
Nc6 22. Nf3 Na5 23. Bd3 Rc8 24. Be3 Nc4 25. Bxc4 dxc4 26. Nd2 b5 27. Ne4 Bc6
28. Nc3 Rg8 29. f3 Bg5 30. Kf2 Ng6 31. g3 Bxe3+ 32. Kxe3 Ne7 33. Kf2 Rcf8 34.
Ne4 Bxe4 35. Rxe4 Nd5 36. Rh1 Kg6 37. f4 Rf7 38. Ree1 Rb8 39. Rc1 Rc7 40. f5+
exf5 41. gxf5+ Kxf5 42. Rxh6 b4 43. Rd6 bxa3 44. bxa3 Rb2+ 45. Kf3 Rb3+ 46. Kf2
Ke4 47. e6 Rb2+ 48. Kg1 Rg7 49. e7 Nxe7 50. Rxc4 Rxg3+ 51. Kf1 Nf5 0-1

[Event "26. Copenhagen Open  (Politiken Cup)"]
[Site "Taastrup"]
[Date "2004.07.25"]
[Round "3"]
[White "Ramme, Christoph"]
[Black "Ziska, Helgi Dam"]
[Result "1-0"]
[WhiteElo "2089"]
[BlackElo "1604"]
[PlyCount "57"]
[EventDate "2004.07.24"]
[EventType "swiss"]
[EventRounds "10"]
[EventCountry "DEN"]
[SourceDate "2004.01.01"]

1. e4 c5 2. Nf3 d6 3. d4 cxd4 4. Nxd4 Nf6 5. Nc3 a6 6. f4 e6 7. Qf3 Qb6 8. Nb3
Qc7 9. g4 b5 10. Bd3 Bb7 11. g5 Nfd7 12. Be3 Nc5 13. f5 Nbd7 14. Bd4 b4 15. Ne2
exf5 16. Qxf5 g6 17. Qf3 Ne5 18. Bxe5 dxe5 19. Nxc5 Bxc5 20. O-O-O O-O-O 21.
Rhf1 Be7 22. Kb1 Rdf8 23. c3 Kb8 24. Qg2 Rd8 25. Rxf7 Rxd3 26. Rxd3 Qc4 27. Qg3
Bxe4 28. Qxe5+ Bd6 29. Qxh8+ 1-0

[Event "26. Copenhagen Open  (Politiken Cup)"]
[Site "Taastrup"]
[Date "2004.07.25"]
[Round "3"]
[White "Rasmussen, Henning"]
[Black "Radovic, Slobodan"]
[Result "1-0"]
[WhiteElo "1767"]
[BlackElo "1382"]
[PlyCount "107"]
[EventDate "2004.07.24"]
[EventType "swiss"]
[EventRounds "10"]
[EventCountry "DEN"]
[SourceDate "2004.01.01"]

1. d4 d5 2. Nf3 Bg4 3. Ne5 Nf6 4. Nxg4 Nxg4 5. h3 Nf6 6. e3 e6 7. c4 c6 8. Nc3
Nbd7 9. Bd2 Bd6 10. Be2 O-O 11. O-O Rc8 12. c5 Bb8 13. f4 Qc7 14. g4 Ne8 15.
Bd3 g6 16. Qe2 f5 17. g5 Ng7 18. Qf2 b6 19. b4 Kf7 20. Be2 Rh8 21. h4 h6 22.
Qg2 hxg5 23. hxg5 Rh7 24. Kf2 Rch8 25. Rh1 Nh5 26. Bxh5 Rxh5 27. Rxh5 Rxh5 28.
Rh1 Rxh1 29. Qxh1 Nf8 30. cxb6 axb6 31. a4 Kg8 32. Kg2 Qe7 33. Qb1 Bd6 34. Na2
Qa7 35. a5 Qa6 36. Qf1 Qa7 37. Nc1 Kf7 38. Nd3 Ke8 39. Nb2 b5 40. Nd3 Kd8 41.
Nc5 Bxc5 42. dxc5 Qg7 43. Qc1 Kc8 44. Bc3 Qf7 45. Qh1 Qh7 46. Qxh7 Nxh7 47. Bg7
Kb7 48. Kf2 Ka6 49. Ke2 Kb7 50. Kd3 Ka6 51. Kd4 Kb7 52. Ke5 Ka7 53. Kxe6 Nxg5+
54. fxg5 1-0

[Event "26. Copenhagen Open  (Politiken Cup)"]
[Site "Taastrup"]
[Date "2004.07.25"]
[Round "3"]
[White "Rasmussen, Karsten"]
[Black "Sagafos, Magne"]
[Result "1-0"]
[WhiteElo "2470"]
[BlackElo "2242"]
[PlyCount "63"]
[EventDate "2004.07.24"]
[EventType "swiss"]
[EventRounds "10"]
[EventCountry "DEN"]
[SourceDate "2004.01.01"]

1. Nf3 c5 2. c4 Nc6 3. Nc3 g6 4. e3 Bg7 5. d4 d6 6. Be2 Nf6 7. d5 Nb8 8. e4 O-O
9. O-O e5 10. dxe6 fxe6 11. e5 dxe5 12. Qxd8 Rxd8 13. Nxe5 Nd5 14. cxd5 Bxe5
15. Bg5 Re8 16. Bc4 Bxc3 17. bxc3 Nd7 18. Rfe1 e5 19. d6+ Kg7 20. Be7 Nb6 21.
Bd3 Bd7 22. Rxe5 Rac8 23. Rae1 Na4 24. Rc1 b5 25. h3 a5 26. Be2 Rb8 27. Bg4 Rb7
28. Rce1 Bxg4 29. hxg4 Kf7 30. R1e3 Rc8 31. Bg5 Kg8 32. Re7 1-0

[Event "26. Copenhagen Open  (Politiken Cup)"]
[Site "Taastrup"]
[Date "2004.07.25"]
[Round "3"]
[White "Refsgaard, Kaj"]
[Black "Hansen, Herluf"]
[Result "1/2-1/2"]
[WhiteElo "1493"]
[BlackElo "2028"]
[PlyCount "113"]
[EventDate "2004.07.24"]
[EventType "swiss"]
[EventRounds "10"]
[EventCountry "DEN"]
[SourceDate "2004.01.01"]

1. d4 Nf6 2. Bg5 d5 3. Bxf6 exf6 4. e3 Bd6 5. c4 dxc4 6. Bxc4 O-O 7. Nf3 Nd7 8.
Nc3 Nb6 9. Bb3 f5 10. O-O c6 11. Rc1 Qe7 12. Qd3 Re8 13. Rfe1 Bd7 14. Bc2 g6
15. a3 a5 16. Re2 Be6 17. Ree1 Rad8 18. e4 Bf4 19. Rb1 Qd7 20. g3 Bb8 21. Qd2
Kg7 22. d5 Bc7 23. dxe6 Qxd2 24. Nxd2 Rxd2 25. exf7 Kxf7 26. Bb3+ Kf8 27. Re3
Kg7 28. Rf3 Rf8 29. exf5 Rxf5 30. Rxf5 gxf5 31. Re1 Bd6 32. Re2 Rxe2 33. Nxe2
Be5 34. Nc3 Bxc3 35. bxc3 Kf6 36. f4 Na8 37. Kf2 Nc7 38. Ke3 Nb5 39. h3 Nxc3
40. g4 Nb5 41. g5+ Kg6 42. a4 Nc3 43. Kd4 Ne4 44. Bc2 b5 45. h4 Ng3 46. Kc5 Nh5
47. Kxc6 bxa4 48. Bxa4 Nxf4 49. Kd6 Nd3 50. Be8+ Kg7 51. Bb5 Nb2 52. Ke5 a4 53.
Bd7 a3 54. Be6 Nd3+ 55. Kxf5 Nb4 56. h5 a2 57. h6+ 1/2-1/2

[Event "26. Copenhagen Open  (Politiken Cup)"]
[Site "Taastrup"]
[Date "2004.07.25"]
[Round "3"]
[White "Reppen, Ellisiv"]
[Black "Stolberg Rohr, Thomine"]
[Result "0-1"]
[WhiteElo "1668"]
[BlackElo "2043"]
[PlyCount "78"]
[EventDate "2004.07.24"]
[EventType "swiss"]
[EventRounds "10"]
[EventCountry "DEN"]
[SourceDate "2004.01.01"]

1. e4 d6 2. d4 Nf6 3. Nc3 g6 4. Nf3 Bg7 5. h3 c5 6. dxc5 Qa5 7. Bd3 Qxc5 8. Be3
Qa5 9. O-O O-O 10. Ne2 Nc6 11. c3 Rd8 12. Qc2 d5 13. exd5 Nxd5 14. Bd2 Qc7 15.
Rfe1 b6 16. Rad1 Bb7 17. a3 Rac8 18. c4 Nf6 19. Bc3 e5 20. b3 Rxd3 21. Rxd3 e4
22. Re3 exf3 23. Rxf3 Ne5 24. Bxe5 Qxe5 25. Re3 Qg5 26. Rg3 Qc5 27. a4 Re8 28.
Rd1 Nh5 29. Rgd3 Qc6 30. f3 Qc5+ 31. Nd4 Nf4 32. b4 Qxb4 33. R3d2 Qc5 34. Kh1
h6 35. Nb3 Qg5 36. Kg1 Nxh3+ 37. Kh1 Nf4 38. Rd7 Bc6 39. Rxa7 Re2 0-1

[Event "26. Copenhagen Open  (Politiken Cup)"]
[Site "Taastrup"]
[Date "2004.07.25"]
[Round "3"]
[White "Ringsborg, Allan"]
[Black "Hansen, Erik Friberg"]
[Result "1-0"]
[WhiteElo "1747"]
[BlackElo "1286"]
[PlyCount "121"]
[EventDate "2004.07.24"]
[EventType "swiss"]
[EventRounds "10"]
[EventCountry "DEN"]
[SourceDate "2004.01.01"]

1. b4 d5 2. Bb2 Nf6 3. e3 e6 4. b5 b6 5. Nf3 Bd6 6. c4 a6 7. Qc2 axb5 8. cxb5
Bb7 9. Be2 Nbd7 10. O-O O-O 11. Rc1 Rc8 12. Nd4 Nc5 13. Nc6 Bxc6 14. bxc6 Ra8
15. d4 Na6 16. Nd2 h6 17. a4 Bb4 18. Ba3 Bxa3 19. Rxa3 Qd6 20. Qb3 Qb4 21. Qxb4
Nxb4 22. Bb5 Nh7 23. Rb1 Na6 24. a5 Nb8 25. a6 Ra7 26. Nf3 f6 27. Re1 Rd8 28.
e4 dxe4 29. Rxe4 Kf7 30. Re1 Rd6 31. Rc3 Nf8 32. Rd1 Ng6 33. g3 Ne7 34. Rdc1
Nd5 35. Rc4 Ne7 36. Kf1 Rd5 37. Rb4 Rd6 38. Ke2 Nbxc6 39. Rbc4 Na5 40. Rxc7
Rxc7 41. Rxc7 Rd8 42. Nd2 Rc8 43. Rxc8 Nxc8 44. Nc4 Nxc4 45. Bxc4 Na7 46. f4 g6
47. g4 Ke7 48. Kf3 Kd6 49. h4 g5 50. h5 e5 51. fxe5+ fxe5 52. d5 b5 53. Bb3 b4
54. Ke4 Nb5 55. Bc4 Na7 56. Kf5 Nc8 57. Kg6 e4 58. Kxh6 e3 59. Kxg5 b3 60. Kf4
e2 61. Bxe2 1-0

[Event "26. Copenhagen Open  (Politiken Cup)"]
[Site "Taastrup"]
[Date "2004.07.25"]
[Round "3"]
[White "Romsdal, Trond"]
[Black "Bach, Matthias"]
[Result "1-0"]
[WhiteElo "2212"]
[BlackElo "2354"]
[PlyCount "73"]
[EventDate "2004.07.24"]
[EventType "swiss"]
[EventRounds "10"]
[EventCountry "DEN"]
[SourceDate "2004.01.01"]

1. d4 d5 2. c4 e6 3. Nf3 c5 4. cxd5 exd5 5. Nc3 Nc6 6. Bf4 Nf6 7. e3 c4 8. Be2
Be7 9. Ne5 O-O 10. O-O Qa5 11. Bf3 Rd8 12. Qe2 Be6 13. Rfd1 Rac8 14. e4 dxe4
15. Nxc6 bxc6 16. Nxe4 Nd5 17. Be5 Nb4 18. Bf4 Qf5 19. Be3 Rb8 20. Ng3 Qc2 21.
Rd2 Qa4 22. Be4 Nd5 23. Nf5 Bf8 24. Bg5 Re8 25. Qg4 g6 26. Qg3 Bxf5 27. Bxf5
Bg7 28. Bd7 Rf8 29. Qd6 Rb6 30. Qxd5 Qb4 31. Qf3 c5 32. dxc5 Ra6 33. c6 Bxb2
34. Rad1 Rxa2 35. Bf6 Ra1 36. Rxa1 Bxa1 37. Qd1 1-0

[Event "26. Copenhagen Open  (Politiken Cup)"]
[Site "Taastrup"]
[Date "2004.07.25"]
[Round "3"]
[White "Sammalvuo, Tapani"]
[Black "Kaimer, Thomas"]
[Result "1-0"]
[WhiteElo "2445"]
[BlackElo "2237"]
[PlyCount "69"]
[EventDate "2004.07.24"]
[EventType "swiss"]
[EventRounds "10"]
[EventCountry "DEN"]
[SourceDate "2004.01.01"]

1. e4 c5 2. Nf3 e6 3. d4 cxd4 4. Nxd4 Nf6 5. Nc3 Nc6 6. Ndb5 Bb4 7. a3 Bxc3+ 8.
Nxc3 d5 9. exd5 exd5 10. Bd3 O-O 11. O-O d4 12. Ne2 Bg4 13. f3 Bh5 14. b4 a6
15. Nf4 Bg6 16. Nxg6 hxg6 17. f4 Re8 18. f5 gxf5 19. Rxf5 Re5 20. Qf1 Rxf5 21.
Qxf5 Ne7 22. Qe5 Nc6 23. Qg3 Nh5 24. Qg4 g6 25. Bg5 Qd6 26. Rf1 Re8 27. Bc4 Ne5
28. Qe4 Ng7 29. Qxb7 Ne6 30. Bh4 d3 31. cxd3 Qd4+ 32. Bf2 Qg4 33. Bg3 Ng5 34.
Qd5 Re6 35. Qd8+ 1-0

[Event "26. Copenhagen Open  (Politiken Cup)"]
[Site "Taastrup"]
[Date "2004.07.25"]
[Round "3"]
[White "Sandbech, Ted"]
[Black "Schonberg, Pauli"]
[Result "1/2-1/2"]
[WhiteElo "1839"]
[BlackElo "1421"]
[PlyCount "92"]
[EventDate "2004.07.24"]
[EventType "swiss"]
[EventRounds "10"]
[EventCountry "DEN"]
[SourceDate "2004.01.01"]

1. Nf3 b6 2. e4 Bb7 3. e5 e6 4. d4 c5 5. c3 Nc6 6. Bg5 Qc7 7. a3 cxd4 8. cxd4
h6 9. Be3 Be7 10. Be2 f6 11. Bf4 d6 12. exf6 Bxf6 13. Nc3 a6 14. O-O Nge7 15.
d5 Ne5 16. dxe6 O-O 17. Rc1 Qd8 18. Nxe5 dxe5 19. Be3 b5 20. Qb3 Qe8 21. Rfd1
Qg6 22. f3 Bg5 23. Bxg5 Qxg5 24. Ne4 Bxe4 25. fxe4 Rad8 26. Bf3 Rd2 27. Rxd2
Qxd2 28. Rd1 Qg5 29. Qd3 Ng6 30. Qb3 Kh7 31. Kh1 Nf4 32. Rf1 Qf6 33. Bg4 Qe7
34. Bf5+ g6 35. Rd1 Rc8 36. h3 Rc7 37. Qb4 Qg5 38. Bg4 h5 39. Rd7+ Rxd7 40.
exd7 hxg4 41. Qf8 gxh3 42. Qf7+ Kh6 43. Qf8+ Kh7 44. Qf7+ Kh6 45. Qf8+ Kh7 46.
Qf7+ Kh6 1/2-1/2

[Event "26. Copenhagen Open  (Politiken Cup)"]
[Site "Taastrup"]
[Date "2004.07.25"]
[Round "3"]
[White "Scherwin, Claes"]
[Black "Fant, Goran"]
[Result "0-1"]
[WhiteElo "1444"]
[BlackElo "1997"]
[PlyCount "82"]
[EventDate "2004.07.24"]
[EventType "swiss"]
[EventRounds "10"]
[EventCountry "DEN"]
[SourceDate "2004.01.01"]

1. e4 e6 2. d4 d5 3. Nc3 Bb4 4. e5 b6 5. a3 Bf8 6. Nf3 Ba6 7. Bxa6 Nxa6 8. Qd3
Nb8 9. O-O a6 10. Ne2 Nd7 11. c4 c6 12. Bd2 Ne7 13. Rac1 c5 14. Rfd1 dxc4 15.
Qxc4 b5 16. Qc3 Nd5 17. Qa5 c4 18. Qxd8+ Rxd8 19. Ba5 N7b6 20. Nc3 Rb8 21. Bxb6
Rxb6 22. Ng5 Be7 23. Nge4 O-O 24. Nxd5 exd5 25. Nc5 Rd8 26. f4 Bxc5 27. dxc5
Rc6 28. b4 cxb3 29. Rd2 a5 30. Kf2 d4 31. Kf3 Rd5 32. Rcd1 Rcxc5 33. Rxd4 Rxd4
34. Rxd4 Kf8 35. Rd3 a4 36. Rd1 Rc4 37. f5 Ke7 38. g4 b4 39. g5 bxa3 40. f6+
gxf6 41. exf6+ Ke6 0-1

[Event "26. Copenhagen Open  (Politiken Cup)"]
[Site "Taastrup"]
[Date "2004.07.25"]
[Round "3"]
[White "Schmidt, Horst Hubert"]
[Black "Korolev, Nikolaj"]
[Result "1-0"]
[WhiteElo "1878"]
[BlackElo "2148"]
[PlyCount "67"]
[EventDate "2004.07.24"]
[EventType "swiss"]
[EventRounds "10"]
[EventCountry "DEN"]
[SourceDate "2004.01.01"]

1. d4 Nf6 2. Nf3 e6 3. Bg5 d5 4. e3 c5 5. Bb5+ Bd7 6. Bxd7+ Nbxd7 7. O-O Be7 8.
Nbd2 O-O 9. Rc1 c4 10. c3 Qa5 11. Qc2 Rfe8 12. b4 cxb3 13. axb3 Rac8 14. Qd3
Rc6 15. c4 Qc7 16. c5 e5 17. dxe5 Nxe5 18. Nxe5 Qxe5 19. Bxf6 Rxf6 20. Nf3 Qh5
21. Rfd1 Rd8 22. b4 Qg4 23. Nd4 Rg6 24. g3 Bf6 25. b5 Rh6 26. Qf5 Qe4 27. c6
bxc6 28. bxc6 Qe8 29. c7 Rc8 30. Qxd5 g6 31. Qb7 Bg5 32. Nb5 Bxe3 33. Qxc8 Qxc8
34. Rd8+ 1-0

[Event "26. Copenhagen Open  (Politiken Cup)"]
[Site "Taastrup"]
[Date "2004.07.25"]
[Round "3"]
[White "Skjoldan, Benjamin"]
[Black "Hartvig, Ove Weiss"]
[Result "1/2-1/2"]
[WhiteElo "2080"]
[BlackElo "2270"]
[PlyCount "64"]
[EventDate "2004.07.24"]
[EventType "swiss"]
[EventRounds "10"]
[EventCountry "DEN"]
[SourceDate "2004.01.01"]

1. d4 Nf6 2. Nf3 c5 3. g3 cxd4 4. Nxd4 e5 5. Nb5 d5 6. Nd2 Bc5 7. c4 O-O 8. Nb3
Bb6 9. cxd5 Nxd5 10. Bg2 Be6 11. O-O Nc6 12. Bd2 Qe7 13. e3 Rfd8 14. Qe2 Rd7
15. Na3 Rad8 16. Nc4 Bc7 17. Nba5 Nxa5 18. Bxa5 b6 19. Bd2 Nf4 20. exf4 Bxc4
21. Qxc4 Rxd2 22. Rac1 Bd6 23. fxe5 Qxe5 24. Rc2 Bc5 25. Rxd2 Rxd2 26. b4 Qd4
27. Qa6 Bxb4 28. Qxa7 g6 29. a4 Bc5 30. Qa8+ Kg7 31. Qe4 Qb2 32. Qf4 Qd4
1/2-1/2

[Event "26. Copenhagen Open  (Politiken Cup)"]
[Site "Taastrup"]
[Date "2004.07.25"]
[Round "3"]
[White "Soupizon, Remi"]
[Black "Brondum, Eric"]
[Result "0-1"]
[WhiteElo "2003"]
[BlackElo "2209"]
[PlyCount "58"]
[EventDate "2004.07.24"]
[EventType "swiss"]
[EventRounds "10"]
[EventCountry "DEN"]
[SourceDate "2004.01.01"]

1. e4 c5 2. Nc3 d6 3. f4 Nc6 4. Nf3 g6 5. Bc4 Bg7 6. d3 e6 7. O-O Nge7 8. a3 d5
9. exd5 exd5 10. Ba2 O-O 11. Nh4 Nd4 12. f5 Ndxf5 13. Nxf5 Bxf5 14. Qf3 Be6 15.
Bg5 f6 16. Qe2 Bf5 17. Rae1 fxg5 18. Qxe7 Qxe7 19. Rxe7 Bd4+ 20. Kh1 Bxd3 21.
Bxd5+ Kh8 22. Rff7 Rxf7 23. Rxf7 Bxc2 24. Rxb7 Re8 25. g3 Rd8 26. Bf3 g4 27.
Bc6 Rd6 28. Rb8+ Kg7 29. Ba8 Rf6 0-1

[Event "26. Copenhagen Open  (Politiken Cup)"]
[Site "Taastrup"]
[Date "2004.07.25"]
[Round "3"]
[White "Svanholm, Borge Waaktaar"]
[Black "Sigurdsson, Thorgeir"]
[Result "1-0"]
[WhiteElo "2052"]
[BlackElo "1200"]
[PlyCount "47"]
[EventDate "2004.07.24"]
[EventType "swiss"]
[EventRounds "10"]
[EventCountry "DEN"]
[SourceDate "2004.01.01"]

1. c4 Nf6 2. g3 e6 3. Bg2 d5 4. Nf3 c6 5. b3 Bd6 6. Ba3 O-O 7. Bxd6 Qxd6 8. d4
Nbd7 9. O-O Re8 10. Nbd2 e5 11. dxe5 Nxe5 12. Qc2 Nxf3+ 13. Nxf3 Qc5 14. e3
dxc4 15. Rac1 Be6 16. Nd4 Bd5 17. bxc4 Bxg2 18. Kxg2 Qh5 19. h3 c5 20. Nb5 Re7
21. Rfd1 a6 22. Nc3 Nd7 23. Nd5 Re5 24. Nf4 1-0

[Event "26. Copenhagen Open  (Politiken Cup)"]
[Site "Taastrup"]
[Date "2004.07.25"]
[Round "3"]
[White "Svendsen, Mads Bilde"]
[Black "Serrano, Jose Manuel Garcia"]
[Result "1-0"]
[WhiteElo "2151"]
[BlackElo "1988"]
[PlyCount "31"]
[EventDate "2004.07.24"]
[EventType "swiss"]
[EventRounds "10"]
[EventCountry "DEN"]
[SourceDate "2004.01.01"]

1. d4 d5 2. c4 e6 3. Nc3 Nf6 4. cxd5 exd5 5. Bg5 Nbd7 6. e3 Be7 7. Qc2 O-O 8.
Bd3 b6 9. Nge2 Bb7 10. Ng3 h6 11. h4 hxg5 12. hxg5 Ne4 13. Ncxe4 dxe4 14. Bxe4
Bxe4 15. Qxe4 g6 16. Qh4 1-0

[Event "26. Copenhagen Open  (Politiken Cup)"]
[Site "Taastrup"]
[Date "2004.07.25"]
[Round "3"]
[White "Tadjerbashi, Amir"]
[Black "Larsen, Karsten"]
[Result "1/2-1/2"]
[WhiteElo "2095"]
[BlackElo "2302"]
[PlyCount "71"]
[EventDate "2004.07.24"]
[EventType "swiss"]
[EventRounds "10"]
[EventCountry "DEN"]
[SourceDate "2004.01.01"]

1. e4 e5 2. Nf3 Nc6 3. d4 exd4 4. Bc4 Nf6 5. e5 d5 6. Bb5 Ne4 7. Nxd4 Bd7 8.
Bxc6 bxc6 9. O-O Bc5 10. f3 Ng5 11. f4 Ne4 12. Be3 Bb6 13. Nd2 c5 14. N4b3 Nxd2
15. Qxd2 d4 16. Bf2 Bc6 17. c4 dxc3 18. Qxd8+ Rxd8 19. bxc3 c4 20. Bxb6 axb6
21. Nd4 Be4 22. Rfe1 Bd3 23. e6 f6 24. a4 c5 25. Nb5 Ke7 26. a5 bxa5 27. Rxa5
Ra8 28. Na7 Rhe8 29. g4 g6 30. Kf2 Kf8 31. e7+ Kg7 32. Nc6 Rxa5 33. Nxa5 Kf7
34. Nc6 f5 35. Nd8+ Kg8 36. gxf5 1/2-1/2

[Event "26. Copenhagen Open  (Politiken Cup)"]
[Site "Taastrup"]
[Date "2004.07.25"]
[Round "3"]
[White "Tandrup, Michael"]
[Black "Jorgensen, Dennis"]
[Result "0-1"]
[WhiteElo "1955"]
[BlackElo "2180"]
[PlyCount "63"]
[EventDate "2004.07.24"]
[EventType "swiss"]
[EventRounds "10"]
[EventCountry "DEN"]
[SourceDate "2004.01.01"]

1. d4 Nf6 2. c4 e6 3. Nf3 b6 4. g3 Ba6 5. b3 Bb4+ 6. Bd2 Be7 7. Bg2 c6 8. O-O
d5 9. cxd5 cxd5 10. Ne5 Nfd7 11. Nxd7 Qxd7 12. Re1 O-O 13. Bc1 Nc6 14. Bb2 Rac8
15. Nc3 Bf6 16. e3 Rc7 17. Rc1 Rfc8 18. Bf1 Bxf1 19. Rxf1 Ne7 20. Qd3 Nf5 21.
Ne2 g6 22. Rxc7 Rxc7 23. Rc1 h5 24. h4 Bg7 25. Kg2 Bf8 26. Rxc7 Qxc7 27. Nc3
Bh6 28. f4 Bf8 29. Nb5 Qd7 30. Ba3 Nxe3+ 31. Kf3 Nf5 32. Bxf8 0-1

[Event "26. Copenhagen Open  (Politiken Cup)"]
[Site "Taastrup"]
[Date "2004.07.25"]
[Round "3"]
[White "Thestrup, Sixten"]
[Black "Roder, Peter"]
[Result "0-1"]
[WhiteElo "1917"]
[BlackElo "2166"]
[PlyCount "60"]
[EventDate "2004.07.24"]
[EventType "swiss"]
[EventRounds "10"]
[EventCountry "DEN"]
[SourceDate "2004.01.01"]

1. e4 c5 2. Nc3 Nc6 3. f4 d6 4. Nf3 g6 5. Bb5 Bd7 6. O-O Bg7 7. d3 Nd4 8. Bxd7+
Qxd7 9. e5 Nh6 10. exd6 Qxd6 11. Ne4 Qc7 12. c3 Nxf3+ 13. Qxf3 O-O 14. Be3 b6
15. Ng3 e6 16. Rad1 Nf5 17. Nxf5 exf5 18. d4 Rae8 19. dxc5 bxc5 20. Qf2 Re4 21.
Bxc5 Rfe8 22. Rd2 Bh6 23. g3 a6 24. Rfd1 Bg7 25. Rd7 Qc6 26. Rd8 h5 27. Rxe8+
Qxe8 28. Qd2 Qb5 29. Ba3 Re2 30. Qd3 Qb6+ 0-1

[Event "26. Copenhagen Open  (Politiken Cup)"]
[Site "Taastrup"]
[Date "2004.07.25"]
[Round "3"]
[White "Thomassen, Thomas"]
[Black "Holst, Conny"]
[Result "0-1"]
[WhiteElo "1860"]
[BlackElo "2141"]
[PlyCount "86"]
[EventDate "2004.07.24"]
[EventType "swiss"]
[EventRounds "10"]
[EventCountry "DEN"]
[SourceDate "2004.01.01"]

1. Nf3 Nf6 2. c4 g6 3. Nc3 Bg7 4. e4 d6 5. d4 O-O 6. Be2 Na6 7. O-O Qe8 8. Rb1
e5 9. d5 Nc5 10. Qc2 a5 11. Ne1 Nfxe4 12. Nxe4 Nxe4 13. Nd3 Nc5 14. Nxc5 dxc5
15. f3 Bf5 16. Bd3 Bxd3 17. Qxd3 Qe7 18. Be3 f5 19. a3 b6 20. Rfd1 Rad8 21. Qd2
Rfe8 22. b4 axb4 23. axb4 cxb4 24. Rxb4 e4 25. f4 Qf6 26. Rb5 Rd7 27. c5 bxc5
28. Rxc5 Ra8 29. h3 Ra1 30. Kh2 Rxd1 31. Qxd1 h6 32. Qa4 Qd6 33. Qa8+ Kh7 34.
Qe8 Re7 35. Qb5 Rd7 36. Qb7 g5 37. g3 gxf4 38. gxf4 Bd4 39. Bxd4 Qxf4+ 40. Kg1
Qg3+ 41. Kf1 Qd3+ 42. Kg2 Qxd4 43. Rxc7 Qg7+ 0-1

[Event "26. Copenhagen Open  (Politiken Cup)"]
[Site "Taastrup"]
[Date "2004.07.25"]
[Round "3"]
[White "Thomsen, Peter"]
[Black "Carlsen, Ellen Oen"]
[Result "1/2-1/2"]
[WhiteElo "1631"]
[BlackElo "1183"]
[PlyCount "48"]
[EventDate "2004.07.24"]
[EventType "swiss"]
[EventRounds "10"]
[EventCountry "DEN"]
[SourceDate "2004.01.01"]

1. e4 c5 2. Nf3 Nc6 3. d4 cxd4 4. Nxd4 Nf6 5. Nc3 e5 6. Ndb5 d6 7. Bg5 a6 8.
Bxf6 gxf6 9. Na3 b5 10. Nd5 Bg7 11. c3 f5 12. Bd3 Be6 13. Qd2 O-O 14. Nc2 f4
15. Ncb4 Nxb4 16. Nxb4 a5 17. Nc6 Qc7 18. Bxb5 Kh8 19. c4 Bd7 20. Qd5 Be6 21.
Qd3 Bd7 22. Qd5 Be6 23. Qd2 Bd7 24. Qd5 Be6 1/2-1/2